Phát triển game di động với J2ME

Nội dung sách giới thiệu về công nghệ di động J2ME bao gồm thiết bị di động, các chuẩn của mạng không dây. Java 2 micro edition, trò chơi, các bản mở rộng của J2ME. Micro racer kết hợp những điều đã học......

Descripción completa

Guardado en:
Detalles Bibliográficos
Autor principal: Phạm, Tấn Liêm
Formato: Libro
Lenguaje:Undetermined
Publicado: Hà Nội Giao thông Vân tải 2005
Materias:
Etiquetas: Agregar Etiqueta
Sin Etiquetas, Sea el primero en etiquetar este registro!
Thư viện lưu trữ: Trung tâm Học liệu Trường Đại học Cần Thơ
LEADER 00914nam a2200205Ia 4500
001 CTU_232074
008 210402s9999 xx 000 0 und d
082 |a 005.133 
082 |b L304 
100 |a Phạm, Tấn Liêm 
245 0 |a Phát triển game di động với J2ME 
245 0 |c Phạm Tấn Liêm 
260 |a Hà Nội 
260 |b Giao thông Vân tải 
260 |c 2005 
520 |a Nội dung sách giới thiệu về công nghệ di động J2ME bao gồm thiết bị di động, các chuẩn của mạng không dây. Java 2 micro edition, trò chơi, các bản mở rộng của J2ME. Micro racer kết hợp những điều đã học... 
650 |a Công nghệ,Technology 
650 |x Chương trình máy tính,Computer programs 
910 |b dqhieu 
980 |a Trung tâm Học liệu Trường Đại học Cần Thơ